000 01752cab a2200205 4500
001 ##L131414
008 051031n2005 000 0 eng u
035 _a(Sirsi) u131414
041 0 _aeng
100 1 _aDodsworth, Catriona
245 0 0 _aLook out for a jump in joinders
260 _c2005
490 0 _aConstruction News
_v6939 20 October 2005 15(1)
520 _aDiscusses "City and General (Holborn) v AYH" (unreported), where C sought an order under the Arbitration Act 1996 for the appointment of a named arbitrator to consider disputes between C and its project managers and quantity surveyors A. The project had run considerably over time and budget, and C had previously served notices of arbitration against the main contractor, K, under which a wide range of disputes had been referred to the same arbitrator. When C served notice on A requiring them to agree to the appointment of the arbitrator, it relied on the joinder clause in the contract (which was JCT Standard Form of Building Contract (1980 Edition) cl41), allowing the arbitrator to consider parallel disputes where one party was common to both and substantially the same issues were involved. A denied that there was a sufficiently close connection between the issues arising from the two disputes. "Held": it was not necessary for all, or even the majority, of the issues, to be the same; it was sufficient if a 'material portion' were the same, or connected. C's request was granted.
590 _aIKA081105
650 2 4 _aCITY AND GENERAL (HOLBORN) V AYH
650 2 4 _aJCT STANDARD FORM OF BUILDING CONTRACT (1980 EDITION)
690 _aMANAGEMENT-DISPUTE AVOIDANCE, MANAGEMENT AND RESOLUTION-DISPUTE MANAGEMENT AND RESOLUTION-ARBITRATION-ARBITRATORS
942 _n0
999 _c76071
_d76071